[Event "Voronezh op-B 23rd"]
[Site "Voronezh"]
[Date "2019.06.19"]
[Round "8"]
[White "Makushin, Aleksandr"]
[Black "Neklyudova, Taisiya"]
[Result "1-0"]
[WhiteElo "1675"]
[BlackElo "1153"]
[PlyCount "89"]
[EventDate "2019.06.12"]
[EventType "swiss"]
[EventRounds "9"]
[EventCountry "RUS"]
[SourceTitle "EXT 2020"]
[Source "ChessBase"]
[SourceDate "2019.10.17"]
[SourceVersion "1"]
[SourceVersionDate "2019.10.17"]
[SourceQuality "1"]

1. e4 e5 2. Nf3 Nc6 3. Bb5 a6 4. Bxc6 dxc6 5. d4 exd4 6. Qxd4 Qxd4 7. Nxd4 c5 8. Ne2 Nf6 9. f3 Be6 10. Nf4 Bc4 11. Na3 Be6 12. Nxe6 fxe6 13. Bf4 0-0-0 14. Nc4 Nd7 15. 0-0-0 Rg8 16. h4 g6 17. Rd2 Bg7 18. Rhd1 h6 19. a4 e5 20. Bg3 h5 21. Rd5 b5 22. axb5 axb5 23. Nxe5 Nxe5 24. Bxe5 Bh6+ 25. f4 Rxd5 26. Rxd5 Kb7 27. Rxc5 c6 28. Rc3 Re8 29. Kd1 b4 30. Rd3 Re7 31. Rd6 Bg7 32. Bxg7 Rxg7 33. Ke2 Kc7 34. e5 Kb6 35. Kd3 Kc5 36. b3 Rg8 37. Ke4 Rg7 38. Kf3 Rg8 39. g4 Rg7 40. gxh5 gxh5 41. Rh6 Rg1 42. Rxh5 Rc1 43. e6+ Kd6 44. Re5 Ke7 45. Re2 1-0

[Event "Voronezh op-B 23rd"]
[Site "Voronezh"]
[Date "2019.06.17"]
[Round "6"]
[White "Khripachenko, Alexander"]
[Black "Neklyudova, Taisiya"]
[Result "1-0"]
[WhiteElo "1838"]
[BlackElo "1153"]
[PlyCount "93"]
[EventDate "2019.06.12"]
[EventType "swiss"]
[EventRounds "9"]
[EventCountry "RUS"]
[SourceTitle "EXT 2020"]
[Source "ChessBase"]
[SourceDate "2019.10.17"]
[SourceVersion "1"]
[SourceVersionDate "2019.10.17"]
[SourceQuality "1"]

1. e4 e5 2. Nf3 Nc6 3. Nc3 Nf6 4. Bb5 Bb4 5. 0-0 0-0 6. Re1 d6 7. h3 h6 8. a3 Bxc3 9. bxc3 Ne7 10. Bf1 Ng6 11. g3 Bd7 12. Bg2 Qe7 13. d3 Rad8 14. c4 c5 15. a4 a6 16. a5 Be6 17. Rb1 Qd7 18. Kh2 Rb8 19. Bd2 Qc7 20. Qc1 Nd7 21. Qa3 Qc6 22. Bc3 b5 23. axb6 Rxb6 24. Nd2 Rfb8 25. Nb3 Qc8 26. Qc1 Qf8 27. Ba5 R6b7 28. f4 exf4 29. gxf4 f5 30. exf5 Qxf5 31. Rxe6 Nxf4 32. Re3 Ra7 33. Be4 Qg5 34. Qg1 Qh5 35. Rf1 Rf8 36. Bd2 Ne5 37. Bc3 Raf7 38. Bxe5 dxe5 39. Qg4 Qxg4 40. hxg4 Ne6 41. Rxf7 Rxf7 42. Bd5 Rf6 43. Nxc5 Kf7 44. Nxe6 Ke7 45. Bf3 g6 46. Rxe5 Kd6 47. Rd5+ 1-0

[Event "Voronezh op-B 23rd"]
[Site "Voronezh"]
[Date "2019.06.16"]
[Round "5"]
[White "Neklyudova, Taisiya"]
[Black "Druchenko, Mikhail"]
[Result "1-0"]
[WhiteElo "1153"]
[BlackElo "1774"]
[PlyCount "59"]
[EventDate "2019.06.12"]
[EventType "swiss"]
[EventRounds "9"]
[EventCountry "RUS"]
[SourceTitle "EXT 2020"]
[Source "ChessBase"]
[SourceDate "2019.10.17"]
[SourceVersion "1"]
[SourceVersionDate "2019.10.17"]
[SourceQuality "1"]

1. e4 e5 2. Nc3 Nf6 3. f4 d5 4. fxe5 Nxe4 5. Qf3 Nxc3 6. bxc3 Be7 7. d4 0-0 8. Bd3 c5 9. Qh5 g6 10. Qh6 c4 11. Be2 Re8 12. Nf3 Bf8 13. Qf4 Be6 14. h4 Bg7 15. h5 Nd7 16. hxg6 fxg6 17. Qh2 Nf8 18. Ng5 h5 19. g4 Bxg4 20. Bxg4 hxg4 21. Qh4 Qd7 22. Kd2 Qa4 23. Bb2 a5 24. a3 Ra6 25. Raf1 Qb5 26. Bc1 Qc6 27. Rf7 Re7 28. Rxe7 Bf6 29. exf6 Qxf6 30. Rf7 1-0

[Event "Voronezh op-B 23rd"]
[Site "Voronezh"]
[Date "2019.06.13"]
[Round "2"]
[White "Yudakov, Alexey"]
[Black "Neklyudova, Taisiya"]
[Result "0-1"]
[WhiteElo "1654"]
[BlackElo "1153"]
[PlyCount "58"]
[EventDate "2019.06.12"]
[EventType "swiss"]
[EventRounds "9"]
[EventCountry "RUS"]
[SourceTitle "EXT 2020"]
[Source "ChessBase"]
[SourceDate "2019.10.17"]
[SourceVersion "1"]
[SourceVersionDate "2019.10.17"]
[SourceQuality "1"]

1. e4 e5 2. Nf3 Nc6 3. d4 exd4 4. Bc4 Nf6 5. e5 d5 6. Bb5 Ne4 7. Nxd4 Bd7 8. Bxc6 bxc6 9. 0-0 Bc5 10. c3 0-0 11. f3 Ng5 12. f4 Ne4 13. Nd2 Nxd2 14. Bxd2 Re8 15. Kh1 Rb8 16. b3 a5 17. Qf3 Bb6 18. Ne2 c5 19. a4 c6 20. Rae1 Qc8 21. h3 Bf5 22. Ng3 Bc2 23. c4 Bd8 24. cxd5 Rxb3 25. Re3 Rxe3 26. Bxe3 cxd5 27. Qxd5 Bxa4 28. Bxc5 Bc6 29. Qd4 Qxh3+ 0-1

[Event "Voronezh op-B 23rd"]
[Site "Voronezh"]
[Date "2019.06.12"]
[Round "1"]
[White "Neklyudova, Taisiya"]
[Black "Maraktanov, Andrey"]
[Result "0-1"]
[WhiteElo "1153"]
[BlackElo "1787"]
[PlyCount "106"]
[EventDate "2019.06.12"]
[EventType "swiss"]
[EventRounds "9"]
[EventCountry "RUS"]
[SourceTitle "EXT 2020"]
[Source "ChessBase"]
[SourceDate "2019.10.17"]
[SourceVersion "1"]
[SourceVersionDate "2019.10.17"]
[SourceQuality "1"]

1. e4 c5 2. Nf3 g6 3. d4 cxd4 4. Nxd4 Bg7 5. Nc3 Nc6 6. Be3 Nf6 7. Bc4 Qa5 8. 0-0 0-0 9. h3 Qb4 10. Bb3 Nxe4 11. Nxe4 Nxd4 12. c3 Ne2+ 13. Qxe2 Qxe4 14. Rfe1 b6 15. Rad1 Bb7 16. f3 Qc6 17. Qc4 e6 18. Bf4 d5 19. Qd3 a5 20. a4 Ba6 21. Qc2 Rac8 22. Rc1 Bc4 23. Be3 b5 24. axb5 Qxb5 25. Ba4 Qa6 26. Qf2 Rb8 27. Ra1 Rb7 28. Bf4 Qb6 29. Qxb6 Rxb6 30. Rab1 Bb3 31. Bxb3 Rxb3 32. Kf1 a4 33. Bd6 Rd8 34. Bb4 Bf8 35. Bxf8 Kxf8 36. Red1 Rdb8 37. Rd2 a3 38. Ra1 axb2 39. Rb1 Rxc3 40. Rdxb2 Rc1+ 41. Rxc1 Rxb2 42. Rc8+ Kg7 43. Rd8 h5 44. Rd7 h4 45. Rd6 Kf6 46. Rd7 g5 47. Kg1 Kg6 48. Rd6 Kf5 49. Kf1 f6 50. Kg1 Ke5 51. Rd8 f5 52. Rg8 Kf4 53. Rd8 Rd2 0-1